000 01836nam a22002657a 4500
003 NALT
005 20250813144154.0
008 s2556 th ||||| |||| 00| 0 tha d
020 _a9786163482358
040 _aNALT
041 _atha
050 _aZ 665 จ375ค 2556
086 _2สผ 12 3.2 020 2556
100 0 _aจำเรียง ระวังสำโรง.
_928591
245 1 0 _aคู่มือการเข้าร่วมประชุมบรรณารักษ์นานาชาติแห่งสหพันธ์ระหว่างประเทศว่าด้วยสมาคมและสถาบันห้องสมุด (The International Federation of Library Associations and Institutions - IFLA) ของห้องสมุดรัฐสภาไทย /
_cจำเรียง ระวังสำโรง.
260 _aกรุงเทพฯ :
_bสำนักวิชาการ สำนักงานเลขาธิการสภาผู้แทนราษฎร,
_c2556.
300 _a39 หน้า :
_bภาพประกอบ, แผนภูมิ ;
_c29 ซม.
610 2 4 _aIFLA
_928588
_xการประชุม
_xคู่มือ
610 2 4 _aสหพันธ์ระหว่างประเทศว่าด้วยสมาคมและสถาบันห้องสมุด
_928590
_xการประชุม
_xคู่มือ
700 0 _aจำเรียง ประสงค์ดี.
_914696
710 2 _aสำนักงานเลขาธิการสภาผู้แทนราษฎร.
_bสำนักวิชาการ.
_bกลุ่มงานห้องสมุด
_921304
850 _aNALT
942 _cGB
_2local
996 _ajamriang.p
_bCATSTF
_c2025-07-25
999 _c69550
_d69550
998 _j1020
_k นางจำเรียง ระวังสำโรง